000 00896nas a2200301 4500
001 BR2010000160
003 BR-BrBNA
005 20231205113816.0
007 ta
008 230509b bl.|||p| |||| 00| 00por d
040 _aBR-BrBNA
_bpor
_cBiblioteca Nacional de Agricultura
041 _a(Pt)
072 _aQ54
100 1 _aLima, S.B.P. de
100 1 _aRabello, C.B.V.
100 1 _aDutra Júnior, W.M.
100 1 _aLudke, M. do C.M.M.
100 1 _aCosta, F.G.P.
245 1 _aValor nutricional da farinha da cabeça do camarão marinho Litopenaeus vannamei para frangos de corte
650 _aFRANGO DE CORTE
650 _aCAMARÃO
650 _aVALOR NUTRITIVO
650 _aSUBPRODUTO
650 _aFARINHA
773 0 _tCaatinga (Brazil)
_xISSN 0100-316X
_g(2007), v. 20(3) p. 38-41
_wBR2010000160
909 _a202311
_bLúcia
_c55
_dLúcia Elande
942 _2AGRIS
_n0
_cANA
999 _c205733
_d205733